LEADER 04979nam 2201069Ia 450 001 9910783165803321 005 20230617034528.0 010 $a1-59734-961-5 010 $a1-282-76299-0 010 $a9786612762994 010 $a0-520-93768-6 024 7 $a10.1525/9780520937680 035 $a(CKB)1000000000008010 035 $a(EBL)224775 035 $a(OCoLC)70746434 035 $a(SSID)ssj0000260311 035 $a(PQKBManifestationID)11193400 035 $a(PQKBTitleCode)TC0000260311 035 $a(PQKBWorkID)10223877 035 $a(PQKB)11326380 035 $a(MiAaPQ)EBC224775 035 $a(DE-B1597)519515 035 $a(OCoLC)56030516 035 $a(DE-B1597)9780520937680 035 $a(Au-PeEL)EBL224775 035 $a(CaPaEBR)ebr10062329 035 $a(CaONFJC)MIL276299 035 $a(EXLCZ)991000000000008010 100 $a20030402d2004 my 0 101 0 $aeng 135 $aurun#---|u||u 181 $ctxt 182 $cc 183 $acr 200 10$aTotal confinement$b[electronic resource] $emadness and reason in the maximum security prison /$fLorna A. Rhodes 210 $aBerkeley, Calif. $cUniversity of California Press$d2004 215 $a1 online resource (331 p.) 225 1 $aCalifornia series in public anthropology ;$v7 300 $aDescription based upon print version of record. 311 0 $a0-520-22987-8 311 0 $a0-520-24076-6 320 $aIncludes bibliographical references and index. 327 $tFront matter --$tCONTENTS --$tAuthor's Note --$tPreface --$tIntroduction --$t1. Controlling Troubles --$t2. The Choice to Be Bad --$t3. The Asylum of Last Resort --$t4. Custody and Treatment at the Divide --$t5. The Games Run Deep --$t6. Struggling It Out --$tGlossary of Prison Terms --$tAppendix: Note on Research --$tNotes --$tBibliography --$tAcknowledgments --$tList of Illustrations --$tIndex 330 $aIn this rare firsthand account, Lorna Rhodes takes us into a hidden world that lies at the heart of the maximum security prison. Focusing on the "supermaximums"-and the mental health units that complement them-Rhodes conveys the internal contradictions of a system mandated to both punish and treat. Her often harrowing, sometimes poignant, exploration of maximum security confinement includes vivid testimony from prisoners and prison workers, describes routines and practices inside prison walls, and takes a hard look at the prison industry. More than an exposé, Total Confinement is a theoretically sophisticated meditation on what incarceration tells us about who we are as a society. Rhodes tackles difficult questions about the extreme conditions of confinement, the treatment of the mentally ill in prisons, and an ever-advancing technology of isolation and surveillance. Using her superb interview skills and powers of observation, she documents how prisoners, workers, and administrators all struggle to retain dignity and a sense of self within maximum security institutions. In settings that place in question the very humanity of those who live and work in them, Rhodes discovers complex interactions-from the violent to the tender-among prisoners and staff. Total Confinement offers an indispensable close-up of the implications of our dependence on prisons to solve long-standing problems of crime and injustice in the United States. 410 0$aCalifornia series in public anthropology ;$v7. 606 $aSolitary confinement$zUnited States 606 $aPrisoners$xMental health$zUnited States 606 $aImprisonment$zUnited States 606 $aPrisons$zUnited States 610 $aamerican prison system. 610 $aamerican society. 610 $aanthropology. 610 $aconfinement. 610 $acrime and punishment. 610 $acriminal justice. 610 $adiscussion books. 610 $aethnography. 610 $aexpose. 610 $afirsthand account. 610 $aincarceration. 610 $ainjustice. 610 $ainterviews. 610 $aisolation. 610 $alife behind bars. 610 $alife in prison. 610 $amaximum security prison. 610 $amental health units. 610 $amental illness. 610 $anonfiction. 610 $aprison administrators. 610 $aprison industry. 610 $aprison stories. 610 $aprison workers. 610 $aprisoners. 610 $aprisons and inmates. 610 $apunishment. 610 $asense of self. 610 $asocial science. 610 $asociology. 615 0$aSolitary confinement 615 0$aPrisoners$xMental health 615 0$aImprisonment 615 0$aPrisons 676 $a365/.66 700 $aRhodes$b Lorna A$g(Lorna Amarasingham)$01496236 801 0$bMiAaPQ 801 1$bMiAaPQ 801 2$bMiAaPQ 906 $aBOOK 912 $a9910783165803321 996 $aTotal confinement$93720765 997 $aUNINA LEADER 04462nam 22005655 450 001 9910588779503321 005 20231110233747.0 010 $a3-11-078469-6 024 7 $a10.1515/9783110784695 035 $a(CKB)5700000000103315 035 $a(DE-B1597)617752 035 $a(DE-B1597)9783110784695 035 $a(MiAaPQ)EBC7070278 035 $a(Au-PeEL)EBL7070278 035 $a(OCoLC)1337590118 035 $a(oapen)https://directory.doabooks.org/handle/20.500.12854/91556 035 $a(oapen)doab91556 035 $a(oapen)doab91495 035 $a(EXLCZ)995700000000103315 100 $a20220830h20222022 fg 101 0 $aeng 135 $aur||||||||||| 181 $ctxt$2rdacontent 182 $cc$2rdamedia 183 $acr$2rdacarrier 200 14$aThe expression of ?collectivity? in Romance languages $eAn empirical analysis of nominal aspectuality with focus on French /$fDésirée Kleineberg 205 $a1st ed. 210 $aBerlin/Boston$cDe Gruyter$d2022 210 1$aBerlin ;$aBoston : $cDe Gruyter, $d[2022] 210 4$d©2022 215 $a1 online resource (XVII, 317 p.) 225 0 $aBeihefte zur Zeitschrift für romanische Philologie ,$x0084-5396 ;$v472 311 08$a3-11-078458-0 327 $tFrontmatter -- $tAcknowledgements -- $tContents -- $tList of figures -- $tList of tables -- $tList of abbreviations -- $tIntroduction -- $tI Theoretical foundations -- $t1 Nominal aspectuality and number -- $t2 Interim summary: From nominal aspectuality to collection nouns -- $t3 Collection nouns: State of the art and definitional delimitation -- $tII The synchronic characteristics of collection nouns in present-day language -- $tIntroduction -- $t4 Semantic-syntactic characteristics: An acceptability judgement study on count collective nouns and object mass nouns -- $t5 Morphological characteristics: A corpus analysis of collective nonce-formations -- $t6 Conclusion: Linguistic characterisation of Romance collection nouns in present-day language -- $tIII The diachronic development of French collection nouns -- $tIntroduction -- $t7 State of the art: The assumed paths of lexicalisation of collection nouns -- $t8 Lexicalisation of collection nouns: Corpus analysis in Frantext -- $t9 Conclusion and discussion: Linguistic characterisation of collection nouns in language evolution -- $tIV General conclusion and outlook -- $t10 Summary of the results and conclusion -- $t11 Outlook -- $t12 References -- $tSubject index 330 $aWhile previous research on collective nouns in Romance languages mostly adopts a semasiological and theoretical perspective focusing mainly on one single language, the present study takes an onomasiological and comparative approach which is strongly based on empirical evidence. Against this background and in analogy to the verbal domain, the work elaborates further the functional category of nominal aspectuality which describes the construal of extra-linguistic entities as well as the linguistic means reflecting it. In this sense, collective nouns are systematically compared with other (nominal) means of expression of collectivity in French, Spanish, Italian and Portuguese, focusing especially on object mass nouns, which have hardly been studied so far for Romance languages. On the basis of corpus analyses and acceptability judgement studies, a holistic picture is thus drawn of the semantic-syntactic and derivational properties of various noun types in the synchrony of present-day language as well as of the diachronic lexicalisation paths of these very nouns. The work thus contributes to the understanding of the verbalisation of pluralities by linking and complementing previous monodimensional approaches and, above all, by placing them on a broad empirical basis. 410 0$aBeihefte Zur Zeitschrift Für Romanische Philologie 606 $aCorpora (Linguistics) 606 $aRomance languages$xCollective nouns 606 $aFOREIGN LANGUAGE STUDY / French$2bisacsh 615 0$aCorpora (Linguistics) 615 0$aRomance languages$xCollective nouns. 615 7$aFOREIGN LANGUAGE STUDY / French. 676 $a440.04554 700 $aKleineberg$b Désirée, $4aut$4http://id.loc.gov/vocabulary/relators/aut$01254471 801 0$bDE-B1597 801 1$bDE-B1597 906 $aBOOK 912 $a9910588779503321 996 $aThe expression of ?collectivity? in Romance languages$92908574 997 $aUNINA